Brytyjskie marki samochodowe - Statystyki

Ogólne statystyki
  • Ten quiz został rozwiązany 67 razy
  • Średni wynik to 5 z 8
Statystyki odpowiedzi
Hint Odpowiedź % Poprawnych
2 Aston Martin
80%
1 Bentley
78%
7 Rolls Royce
63%
4 LandRover
61%
8 Mini
59%
5 Jaguar
54%
3 McLaren
48%
6 Lotus
33%
Nie znaleziono quizów pasujących do podanych kryteriów
Rozkład punktacji
Procent ludzi z każdym wynikiem
Percentyl według liczby udzielonych odpowiedzi
Twoja historia wyników
Nie rozwiązałeś tego quizu